<?xml version="1.0" encoding="UTF-8"?>
<record
    xmlns:xsi="http://www.w3.org/2001/XMLSchema-instance"
    xsi:schemaLocation="http://www.loc.gov/MARC21/slim http://www.loc.gov/standards/marcxml/schema/MARC21slim.xsd"
    xmlns="http://www.loc.gov/MARC21/slim">

  <leader>00450nam a2200157Ia 4500</leader>
  <controlfield tag="008">230718s9999    xx            000 0 und d</controlfield>
  <datafield tag="041" ind1=" " ind2=" ">
    <subfield code="a">eng</subfield>
  </datafield>
  <datafield tag="082" ind1=" " ind2=" ">
    <subfield code="a">629.8'9</subfield>
    <subfield code="b">COX</subfield>
  </datafield>
  <datafield tag="100" ind1=" " ind2=" ">
    <subfield code="a">Cox R. A.</subfield>
    <subfield code="9">159433</subfield>
  </datafield>
  <datafield tag="245" ind1=" " ind2=" ">
    <subfield code="a"> Progammable Controllers </subfield>
    <subfield code="b">Technical Book Servicesnicians guide to</subfield>
  </datafield>
  <datafield tag="260" ind1=" " ind2=" ">
    <subfield code="c">2001</subfield>
    <subfield code="b">Delmar Ceneage Learning</subfield>
  </datafield>
  <datafield tag="300" ind1=" " ind2=" ">
    <subfield code="a">374</subfield>
  </datafield>
  <datafield tag="365" ind1=" " ind2=" ">
    <subfield code="c">Rs.</subfield>
    <subfield code="b">325.00</subfield>
  </datafield>
  <datafield tag="700" ind1=" " ind2=" ">
    <subfield code="a">Cox R. A.</subfield>
    <subfield code="9">159433</subfield>
  </datafield>
  <datafield tag="906" ind1=" " ind2=" ">
    <subfield code="d">B:78125-Jan-2002</subfield>
    <subfield code="c">INST</subfield>
    <subfield code="b">48.75</subfield>
  </datafield>
  <datafield tag="999" ind1=" " ind2=" ">
    <subfield code="c">303343</subfield>
    <subfield code="d">303343</subfield>
  </datafield>
  <datafield tag="952" ind1=" " ind2=" ">
    <subfield code="0">0</subfield>
    <subfield code="1">0</subfield>
    <subfield code="4">0</subfield>
    <subfield code="7">0</subfield>
    <subfield code="a">CCEP</subfield>
    <subfield code="b">CCEP</subfield>
    <subfield code="d">2002-04-08</subfield>
    <subfield code="e">SNJA</subfield>
    <subfield code="f">INST</subfield>
    <subfield code="g">276.25</subfield>
    <subfield code="i">781</subfield>
    <subfield code="l">0</subfield>
    <subfield code="o">629.8'9</subfield>
    <subfield code="p">CCEP-BK-14550</subfield>
    <subfield code="r">2023-07-18 00:00:00</subfield>
    <subfield code="t">48.75</subfield>
    <subfield code="v">325.00</subfield>
    <subfield code="w">2002-01-25</subfield>
    <subfield code="y">BK</subfield>
    <subfield code="z">014550</subfield>
  </datafield>
</record>
